| 000 | 00729cam a22002413a 4500 | ||
|---|---|---|---|
| 001 | 67 | ||
| 003 | PGUSA | ||
| 005 | 20140828082942.0 | ||
| 008 | 930501s1993||||xxu|||||s|||||000 | eng d | ||
| 040 |
_aPGUSA _beng |
||
| 042 | _adc | ||
| 050 | 4 | _aE151 | |
| 100 | 1 |
_aCoombs, Norman, _d1932- |
|
| 245 | 1 | 4 |
_aThe Black Experience in America _h[electronic resource] / _cNorman Coombs |
| 260 |
_bProject Gutenberg, _c1993 |
||
| 506 | _aCopyrighted. Read the copyright notice inside this book for details. | ||
| 516 | _aElectronic text | ||
| 653 | _aSlavery -- United States -- History | ||
| 653 | _aAfrican Americans -- History | ||
| 830 | 0 |
_aProject Gutenberg _v67 |
|
| 856 | 4 | 0 | _uhttp://www.gutenberg.org/ebooks/67 |
| 942 | _cEB | ||
| 999 |
_c229438 _d229438 |
||